000 00509nam a2200181Ia 4500
001 5420
003 GE_BSU
008 181216s||||||||xx |||||||||||||| ||und||
040 _cGE_BSU
080 _a517.3
100 _aЧелидзе, В.Г; Джваршеишвили, А.Г;
245 _aТеория интграла данжуа и некоорые ее приложения
260 _aТбилиси
260 _c1978
300 _a357с.
653 _aТеория интграла
942 _cBK
999 _c38966
_d38966